<The> Rise of Colleges Institutions of Learning in Islam and the West

Uložené v:
Podrobná bibliografia
Hlavný autor: Makdisi, George
Médium: Kniha
Jazyk:English
Vydavateľské údaje: Edinburgh Edinburgh University Press 1981
Vydanie:1. ed.
Predmet:
Tagy: Pridať tag
Žiadne tagy, Buďte prvý, kto otaguje tento záznam!

MARC

LEADER 00000nam a2200000 4500
001 c014756
005 20221207075012.9
020 |a 0-85224-375-8 
041 0 |a eng 
044 |a GB 
245 1 0 |a <The> Rise of Colleges  |b Institutions of Learning in Islam and the West  |c George Makdisi 
250 |a 1. ed. 
264 1 |a Edinburgh  |b Edinburgh University Press  |c 1981 
300 |a 377 s. 
610 2 0 |a školy vysoké 
610 2 0 |a univerzity 
610 2 0 |a islam 
610 2 0 |a Irak 
610 2 0 |a dejiny 
610 2 0 |a vzdelávanie 
610 2 0 |a vzdelanie vysokoškolské 
100 1 |a Makdisi, George